Statistics for AEW Roster

Click here to take the quiz!

General Stats

  • This quiz has been taken 263 times
  • The average score is 62 of 120

Answer Stats

ClueWrestler% Correct
Bay BayAdam Cole
100%
HangmanAdam Page
99%
Bad AssBilly Gunn
82%
The American DragonBryan Danielson
80%
The DoctorDr. Britt Baker D.M.D.
80%
LimitlessKeith Lee
79%
One half of The Young BucksNick Jackson
79%
He is a B*stardPac
79%
Yuta LockWheeler Yuta
79%
The WizardChris Jericho
78%
The CleanerKenny Omega
78%
The Best in the WorldCM Punk
77%
One half of The Young BucksMatt Jackson
77%
Freshly SqueezedOrange Cassidy
74%
Salt of the EarthMJF
73%
One half of the Gunn ClubAustin Gunn
72%
House of Black's PowerhouseBrody King
72%
One half of FTRCash Wheeler
72%
One half of FTRDax Harwood
72%
The cold-hearted handsome devil...Hook
72%
The MachineBrian Cage
71%
All EgoEthan Page
71%
One Half of The AcclaimedAnthony Bowens
69%
Captain CharismaChristian Cage
69%
The Mad KingEddie Kingston
69%
The Charismatic EnigmaJeff Hardy
69%
One half of The AcclaimedMax Caster
69%
A Real Life DinosaurLuchasaurus
67%
Formerly BrokenMatt Hardy
67%
One Half of The Varsity BlondesBrian Pillman Jr.
66%
Dark Order's 1Evil Uno
66%
The JAS' PowerhouseJake Hager
65%
SwitchbladeJay White
65%
The RedeemerMiro
65%
One half of The Gunn ClubColten Gunn
64%
Very Nice, Very Evil...Danhausen
64%
She's that B*tch!Jade Cargill
64%
The SnakeJake Roberts
64%
The Purveyor of ViolenceJon Moxley
62%
The Spanish GodSammy Guevara
62%
The IconSting
62%
The Undisputed Elite's cameramanBrandon Cutler
60%
The NaturalDustin Rhodes
60%
______ InjectionJay Lethal
60%
The Samoan Submission SpecialistSamoa Joe
59%
One half of reDRagonKyle O'Reilly
58%
Black MassMalakai Black
58%
The Native BeastNyla Rose
58%
One half of The Lucha BrothersRey Fenix
58%
AbsoluteRicky Starks
58%
SwerveSwerve Strickland
58%
The InfamousBobby Fish
57%
One half of Proud 'N PowerfulOrtiz
57%
One half of Top FlightDante Martin
55%
From Valley VillageJungle Boy
55%
One half of Proud 'N PowerfulSantana
54%
Cool Hand AngAngelo Parker
53%
The EnforcerArn Anderson
53%
DaredevilDarby Allin
53%
Formerly The Galaxy's Greatest AlienKris Statlander
53%
P-P-P-__________Powerhouse Hobbs
53%
First AEW Women's World ChampionRiho
53%
The Human Suplex MachineTaz
53%
Mr. MayhemWardlow
53%
The Murder Hawk MonsterLance Archer
52%
KazFrankie Kazarian
51%
Storm ZeroToni Storm
51%
AFO LeaderAndrade El Idolo
50%
The Fallen AngelChristopher Daniels
50%
One half of The Varsity BlondesGriff Garrison
50%
Dark Order's 99Anna Jay
49%
The Kentucky GentlemanChuck Taylor
48%
The ChairmanShawn Spears
47%
One half of Top FlightDarius Martin
46%
The World's Largest AthletePaul Wight
46%
Dark Order's 5Alan Angels
45%
Dark Order's 3Alex Reynolds
45%
The Meat ManJohn Silver
45%
La Mera MeraThunder Rosa
43%
Son of the EnforcerBrock Anderson
42%
Holy _____Hikaru Shida
42%
One half of The BaddiesRed Velvet
42%
Dark Order's 10Preston Vance
41%
Not RebaRebel
41%
The RunawayRuby Soho
41%
Red DeathDaniel Garcia
40%
Under Rated
Over It
Kip Sabian
40%
British boxer turned wrestlerAnthony Ogogo
39%
One half of Private PartyIsiah Kassidy
39%
Air BourneMatt Sydal
39%
Superbad GirlPenelope Ford
39%
Leader of The FactoryQT Marshall
39%
Dark SecretBuddy Matthews
38%
SmartMark Sterling
36%
Daddy MagicMatt Menard
36%
The Premier AthleteTony Nese
35%
One of the three B's...The Blade
34%
One of the three B's...The Butcher
33%
One half of The BaddiesKiera Hogan
31%
One of the three B's...The Bunny
31%
LegitLeyla Hirsch
30%
7ft 3in, with Sanjay DuttSatnam Singh
30%
One half of Roppongi ViceTrent Beretta
30%
Big ShottyLee Johnson
29%
IndignationJamie Hayter
28%
One half of Private PartyMarq Quen
28%
BlackoutScorpio Sky
28%
One half of Roppongi ViceRocky Romero
26%
TayogoshiTay Conti
26%
The ProfessorSerena Deeb
25%
Scissor SisterJulia Hart
23%
The Real Man's ManWilliam Regal
23%
Cero MiedoPenta Oscuro
22%
The Supernova from MoldovaMarina Shafir
15%
The Apex of CombatLee Moriarty
12%
One half of The Brain BustersTully Blanchard
12%
Believe in the Fire, Believe in the FightFuego Del Sol
9%
Rainbow DDTJake Atlas
7%
Bull RunMercedes Martinez
7%
12 GaugePaige Vanzant
4%

Score Distribution

Percentile by Number Answered

Percent of People with Each Score

Your Score History

You have not taken this quiz